<?xml version="1.0" encoding="UTF-8"?><?xml-stylesheet type="text/xsl" href="static/style.xsl"?><OAI-PMH xmlns="http://www.openarchives.org/OAI/2.0/" xmlns:xsi="http://www.w3.org/2001/XMLSchema-instance" xsi:schemaLocation="http://www.openarchives.org/OAI/2.0/ http://www.openarchives.org/OAI/2.0/OAI-PMH.xsd"><responseDate>2026-04-18T05:14:05Z</responseDate><request verb="GetRecord" identifier="oai:www.recercat.cat:10459.1/64056" metadataPrefix="marc">https://recercat.cat/oai/request</request><GetRecord><record><header><identifier>oai:recercat.cat:10459.1/64056</identifier><datestamp>2024-12-05T22:24:41Z</datestamp><setSpec>com_2072_3622</setSpec><setSpec>col_2072_479130</setSpec></header><metadata><record xmlns="http://www.loc.gov/MARC21/slim" xmlns:dcterms="http://purl.org/dc/terms/" xmlns:xsi="http://www.w3.org/2001/XMLSchema-instance" xmlns:doc="http://www.lyncode.com/xoai" xsi:schemaLocation="http://www.loc.gov/MARC21/slim http://www.loc.gov/standards/marcxml/schema/MARC21slim.xsd">
   <leader>00925njm 22002777a 4500</leader>
   <datafield ind2=" " ind1=" " tag="042">
      <subfield code="a">dc</subfield>
   </datafield>
   <datafield ind2=" " ind1=" " tag="720">
      <subfield code="a">Sanahuja Anguera, Xavier</subfield>
      <subfield code="e">author</subfield>
   </datafield>
   <datafield ind2=" " ind1=" " tag="260">
      <subfield code="c">2013-07-18T11:40:47Z</subfield>
   </datafield>
   <datafield ind2=" " ind1=" " tag="260">
      <subfield code="c">2014-06-29T05:45:05Z</subfield>
   </datafield>
   <datafield ind2=" " ind1=" " tag="260">
      <subfield code="c">2013-06-28</subfield>
   </datafield>
   <datafield ind2=" " ind1=" " tag="520">
      <subfield code="a">La tesi estableix un nou paradigma sobre les emissions de moneda a la Catalunya del segles XIV&#xd;
a XVI, partint de l’estudi de les emissions de moneda menuda d’àmbit municipal i llur relació&#xd;
amb la moneda de curs general. Es proposen noves hipòtesis sobre la pretesa continuïtat&#xd;
d'aquestes emissions locals al llarg del temps, sobre la identificació dels tipus monetaris emesos i&#xd;
també sobre els motius i el lloc del seu origen, ubicat a Lleida poc abans de l'any 1300. L'estudi&#xd;
se centra en tres períodes diferenciats. El primer abasta l'àrea catalana de circulació de la moneda&#xd;
jaquesa entre 1298 i 1350, amb alguna excepció que s'allarga fins 1460. El segon període s'inicia&#xd;
amb la Guerra contra Joan II (1462) i s'allarga fins al redreç monetari de l'any 1494. El tercer&#xd;
període, de més baixa intensitat, engega des de la primera crisi de la moneda barcelonina senar&#xd;
(1508) fins a l'esclat de la segona gran crisi de la moneda menuda barcelonina (1556).</subfield>
   </datafield>
   <datafield ind2=" " ind1=" " tag="520">
      <subfield code="a">La tesis establece un nuevo paradigma sobre las emisiones de moneda en la Cataluña de los siglos&#xd;
XIV a XVI, partiendo del estudio de las emisiones de moneda menuda de ámbito municipal y su&#xd;
relación con la moneda de curso general. Se proponen nuevas hipótesis sobre la pretendida&#xd;
continuidad de estas emisiones locales a lo largo del tiempo, sobre la identificación de los tipos&#xd;
monetarios emitidos y también sobre los motivos y el lugar de su origen, ubicado en Lleida poco&#xd;
antes del año 1300. El estudio se centra en tres periodos diferenciados. El primero abarca el área&#xd;
catalana de circulación de la moneda jaquesa entre 1298 y 1350, con alguna excepción que se&#xd;
alarga hasta 1460. El segundo período se inicia con la Guerra contra Juan II (1462) y se alarga&#xd;
hasta la reforma monetaria del año 1494. El tercer período, de más baja intensidad, se pone en&#xd;
marcha desde la primera crisis de la moneda barcelonesa reformada (1508) hasta el estallido de&#xd;
la segunda gran crisis de la moneda menuda barcelonesa (1556).</subfield>
   </datafield>
   <datafield ind2=" " ind1=" " tag="520">
      <subfield code="a">The thesis sets new models of coinage in Catalonia of the fourteenth to sixteenth centuries, from&#xd;
the study of minor currency issued by local councils and its relation to the main general currency&#xd;
issued in Barcelona. New hypotheses are proposed about the alleged continuity of these local&#xd;
emissions over time, about the identification of the coin types, and about its causes and origins,&#xd;
which must be located in Lleida shortly before 1300. The study focuses on three distinct periods.&#xd;
The first covers the “jaquesa” (aragonese) currency circulation area in Catalonia between 1298&#xd;
and 1350, with some exceptions that lasts until 1460. The second period begins with the War&#xd;
against John II (1462) and continues until the currency reform of 1494. The third period, of lower&#xd;
intensity, starts from the first crisis of the reformed coinage in Barcelona (1508) until the&#xd;
outbreak of the second great crisis of minor coins in Catalonia (1556).</subfield>
   </datafield>
   <datafield ind1="8" ind2=" " tag="024">
      <subfield code="a">http://hdl.handle.net/10459.1/64056</subfield>
   </datafield>
   <datafield tag="653" ind2=" " ind1=" ">
      <subfield code="a">Moneda menuda</subfield>
   </datafield>
   <datafield tag="653" ind2=" " ind1=" ">
      <subfield code="a">Catalunya</subfield>
   </datafield>
   <datafield tag="653" ind2=" " ind1=" ">
      <subfield code="a">Consell Municipal</subfield>
   </datafield>
   <datafield tag="653" ind2=" " ind1=" ">
      <subfield code="a">Numismàtica</subfield>
   </datafield>
   <datafield tag="653" ind2=" " ind1=" ">
      <subfield code="a">Moneda menuda</subfield>
   </datafield>
   <datafield tag="653" ind2=" " ind1=" ">
      <subfield code="a">Cataluña</subfield>
   </datafield>
   <datafield tag="653" ind2=" " ind1=" ">
      <subfield code="a">Consejo Municipal</subfield>
   </datafield>
   <datafield tag="653" ind2=" " ind1=" ">
      <subfield code="a">Numismática</subfield>
   </datafield>
   <datafield tag="653" ind2=" " ind1=" ">
      <subfield code="a">Minor currency</subfield>
   </datafield>
   <datafield tag="653" ind2=" " ind1=" ">
      <subfield code="a">Catalonia</subfield>
   </datafield>
   <datafield tag="653" ind2=" " ind1=" ">
      <subfield code="a">Local Councils</subfield>
   </datafield>
   <datafield tag="653" ind2=" " ind1=" ">
      <subfield code="a">Numismatics</subfield>
   </datafield>
   <datafield tag="653" ind2=" " ind1=" ">
      <subfield code="a">Història medieval</subfield>
   </datafield>
   <datafield tag="653" ind2=" " ind1=" ">
      <subfield code="a">93</subfield>
   </datafield>
   <datafield ind2="0" ind1="0" tag="245">
      <subfield code="a">Fabricació i circulació de moneda local a la Catalunya dels segles XIII-XVI</subfield>
   </datafield>
</record></metadata></record></GetRecord></OAI-PMH>